Statistics for Figure out the Taylor Swift song - 2

Click here to take the quiz!

General Stats

  • This quiz has been taken 120 times
  • The average score is 356 of 500

Answer Stats

Lyrics% Correct
A
99%
I
99%
You
99%
And
96%
The
96%
Me
92%
We
90%
In
89%
Who
86%
Be
85%
My
85%
Is
84%
That
84%
To
84%
Where
83%
Win
83%
No
82%
They
81%
So
79%
This
78%
We’re
78%
Are
77%
I’m
77%
Know
77%
Then
77%
With
77%
For
75%
Like
75%
It’s
74%
Go
73%
Bad
72%
Was
72%
There
71%
Whole
71%
American
70%
But
70%
Girl
70%
Miss
70%
Prince
70%
See
70%
World
70%
Americana
69%
Heartbreak
69%
Men
69%
That’s
69%
At
68%
She’s
68%
Time
68%
Hallway
67%
Play
67%
Whisper
67%
Don’t
66%
Games
66%
Stupid
66%
Home
65%
Nothing
65%
One
65%
Coming
64%
Blue
63%
Run
63%
Want
63%
School
62%
Away
61%
Been
61%
Cause
61%
Dice
61%
Fake
61%
Rolling
61%
Prizes
60%
Than
60%
Adore
59%
Before
59%
Pain
59%
There’s
59%
16
58%
Long
58%
Never
58%
Only
58%
Should
58%
Town
58%
Glory
56%
Gonna
56%
I’ll
56%
Lost
56%
Oh
56%
Scene
56%
Crazier
55%
Now
55%
Paint
55%
Sad
55%
Wil
55%
Film
54%
Most
54%
Okay
54%
Up
54%
Day
53%
Come
52%
Just
52%
Likely
52%
Faded
51%
Fight
51%
Homecoming
51%
Saw
51%
Wanna
51%
Dress
50%
Life
50%
Lights
50%
Really
50%
Think
50%
Waving
50%
Care
49%
Voted
49%
Days
47%
Playing
47%
Counted
46%
Leave
46%
Let
46%
Prom
46%
Queens
46%
Ran
46%
Band
45%
Catch
45%
Feeling
45%
Losing
45%
Marching
45%
Seems
45%
Cameras
44%
Darling
44%
Miles
44%
Smile
44%
Guys
43%
Nobody’s
43%
Scared
43%
High
42%
Someday
42%
Team
42%
Between
41%
Stories
41%
Though
41%
Boys
40%
Bruising
40%
Depressed
40%
Head
40%
Hopeless
40%
Ripped
40%
Fives
39%
Scoreboard
39%
Storm
39%
Wise
39%
Running
38%
Damsels
37%
Hung
37%
Pageant
37%
Through
37%
Battered
35%
Helpless
34%
Rose
34%
Cries
33%
Thorns
33%
Burning
30%
Muffled
30%

Score Distribution

Percentile by Number Answered

Percent of People with Each Score

Your Score History

You have not taken this quiz